Survivor Interactive Seasons 1-8 - Statistics

General Stats
  • This quiz has been taken 73 times
    72 since last reset
  • The average score is 11 of 17
Answer Stats
Hint Extra Hint Answer % Correct
Welcome to Survivor Interactive! One tribe loses the immunity challenge and someone is voted out first for being married with a man on the other tribe, which the tribe sees as threatening.
Click on the eliminated castaway
1st voted out Amber Mariano
95%
The winners are in trouble. The first ever female winner is seen as physically weak, and fails to save herself. 2nd voted out Tina Wesson
95%
Nobody wants a winner to win again, and vote out the two time winner, not wanting them to win a third time. 5th voted out Sandra Diaz-Twine
89%
One tribe is split, causing tension. They lose the immunity challenge and force a rock draw tiebreaker, one castaway pulls the purple rock and is eliminated once again... 4th voted out Paschal English
77%
Jan surprisingly wins immunity, forcing the men to turn on each other, voting out the man who won his first season, not wanting him to win again. 12th voted out Ethan Zohn
73%
Ethan, Colby, and Rob band together, so Kelly and Jan are at risk. The men stick together and vote out the woman who won more individual immunities. 11th voted out Kelly Wiglesworth
70%
Someone is tired of the game, and pulls themselves from the game once again, but for a different reason than before. Quit Jenna Morasca
68%
The jury phase has started. The two Robs form an alliance, but one backstabbes the other once again... 8th voted out Rob Cesternino
68%
It's Men vs Women, the four men agree to eliminate Kelly, but due to a flip vote, Mr. Freeze is voted out instead. 10th voted out Brian Heidik
66%
Everyone is annoyed with this player that was banned from Winners at War due to his arrogance and controversial actions, causing his downfall. 9th voted out Richard Hatch
66%
Colby wins with 4 votes, from Rob C., Richard, Kelly, and Jan! Extra End
59%
Nobody trusts this castaway that was voted "Best Villian", who is unanimously voted out one round shy of the merge. 6th voted out Jonny Fairplay
57%
Rob got 3 votes, from Brian, Jenna, Ethan!
Now click on the winner!
Sole Survivor Colby Donaldson
55%
JURY CLUES:
Rob C. Who hasn't stabbed me in the back?
Richard: Who was I on a tribe with?
Brian: Who is the better villain?
Jenna: Who won more individual immunity challenges?
Kelly: I disagree with Susan's snakes and rats speech, I want the hero to win, which is the rat.
Ethan: Who can actually win the game?
Jan: Who hasn't won before?
Click on the second place.
Runner Up Rob Mariano
52%
It's the merge, and nobody wants the earliest winner to never be voted out to win again, causing her downfall. 7th voted out Vecepia Towery
50%
Rob wins the final immunity challenge, and takes the other person that lost in a final two, thinking he can beat them. Click on the eliminated castaway. 13th voted out Jan Gentry
48%
One tribe loses the both the reward and immunity challenges, and blames it on the oldest woman, causing her downfall. 3rd voted out Kim Johnson
39%
No matching quizzes found
Score Distribution
Percent of People with Each Score
Percentile by Number Answered
Your Score History
You have not taken this quiz since the last reset